| 000 | 00591nam a2200193Ia 4500 | ||
|---|---|---|---|
| 003 | IN-BaIIA | ||
| 008 | 211028s9999 xx 000 0 eng d | ||
| 020 | _a90-277-1113-5 | ||
| 040 | _cIIA Library | ||
| 080 |
_a082.2:52 _bIAU-SS78 |
||
| 100 |
_aFedorov, E. P. _911181 |
||
| 245 | 0 |
_aNutation and the earth's rotation _cE. P. Fedorov |
|
| 260 |
_aDordrecht _bD. Reidel Publishing _c1980 |
||
| 300 | _axvi, 266p. | ||
| 650 | _aAstronomy and Astrophysics Thesaurus | ||
| 650 |
_aEarth rotation _93950 |
||
| 650 |
_aNutation _97186 |
||
| 942 | _cBK | ||
| 999 |
_c6531 _d6531 |
||